| 000 | 00716nam a22002292a 4500 | ||
|---|---|---|---|
| 001 | 18685 | ||
| 003 | BD-RjUL | ||
| 005 | 20211209000323.0 | ||
| 008 | 140222s1962 enka 000 0 eng d | ||
| 035 | _a(BD-RjUL)18743 | ||
| 040 |
_aDLC _cDLC _dUKM _dBD-RjUL _beng |
||
| 041 | _aeng | ||
| 082 |
_a822.33 _bLUU 1962 |
||
| 100 | 1 |
_aLudowyk, E. F. C. _q(Evelyn Frederick Charles), _d1906-1985 _957546 |
|
| 245 | 1 | 0 |
_aUnderstanding Shakespeare / _c E. F. C.Ludowyk. |
| 260 |
_aCambridge [Eng.] : _bUniversity press, _c1962 |
||
| 300 |
_a266 p. : _billus. ; _c23 cm |
||
| 600 | 1 | 0 |
_aShakespeare, William, _d1564-1616 _xCriticism and interpretation. _9241616 |
| 942 |
_2ddc _cBK |
||
| 999 |
_c18685 _d18685 |
||